000 01060cam a2200313 a 4500
001 000002865
003 DO-SdBNP
005 20210730100649.0
008 850619s1983 ve b f000 0cspa
040 _aDO-SdBNP
_cspa
_dBNPHU
082 _a928
_bC146p
100 1 _aCaldera, Rafael,
_d1916-
_99096
245 1 0 _aPremios Andrés Bello /
_cRafael Caldera ... [et al.].
260 _aCaracas :
_bAcademia Venezolana Correspondiente de la Real Española,
_c1983.
300 _a559 p. ;
_c23 cm.
504 _aIncluye bibliografías.
650 1 4 _aAutores venezolanos
_ySiglo XIX
_99097
650 1 4 _aLiteratos venezolanos
_vBiografías
_99098
700 1 _aSanabria, Edgard
_99099
700 1 _aHernández, Hugolino
_99100
700 1 _aDe Sola, René
_99101
700 1 _aPalacios Herrera, Oscar
_99102
700 1 _aCastillo Lara, Lucas Guillermo
_99103
700 1 _aSchacht Aristiguieta, Efraín
_99104
700 1 _aYepes Trujillo, Rafael
_99105
700 1 _aPáez Pumar, Mauro
_99106
910 _aCatalogación por copia / LC
942 _2ddc
_cLBS1
999 _c2699
_d2699